Analýza kvantitatívnych ukazovateľov II. piliera dôchodkového systému krajín V4

Analýza kvantitatívnych ukazovateľov kapitalizačných pilierov dôchodkových systémov krajín V4. Analýza bola vykonaná na základe štatistických dát o dôchodkových fondoch II. piliera dôchodkového sporenia týchto krajín.

Salvato in:
Dettagli Bibliografici
Autore principale: Urbaníková, Marta
Altri autori: Štubňová, Michaela
Natura: Capitolo di libro
Lingua:slovacco
Soggetti:
Tags: Aggiungi Tag
Nessun Tag, puoi essere il primo ad aggiungerne!!

MARC

LEADER 00000naa a2200000 4500
001 0253608
005 20240411131958.5
041 0 |a slo 
044 |a SK 
245 1 0 |a Analýza kvantitatívnych ukazovateľov II. piliera dôchodkového systému krajín V4  |c Marta Urbaníková, Michaela Štubňová 
520 |a Analýza kvantitatívnych ukazovateľov kapitalizačných pilierov dôchodkových systémov krajín V4. Analýza bola vykonaná na základe štatistických dát o dôchodkových fondoch II. piliera dôchodkového sporenia týchto krajín. 
610 2 0 |a Vyšehradská štvorka 
610 2 0 |a systémy dôchodkové 
610 2 0 |a Slovensko 
610 2 0 |a ukazovatele kvantitatívne 
610 2 0 |a sporenie dôchodkové 
610 2 0 |a porovnanie medzinárodné 
100 1 |a Urbaníková, Marta 
700 1 |a Štubňová, Michaela